Alle Minecraft Helden Teilnehmer (Staffel 1-2) - Statistiken

Allgemein
  • Dieses Quiz wurde 2 mal gespielt
  • Das Durchschnittsergebnis liegt bei 27 aus 29
Antwortstatistiken
Helden 1 % Korrekt
Alphastein
100%
Amir
100%
AviveHD
100%
AwsomeElina
100%
Benx
100%
Braxic
100%
Brostastic
100%
Chaosflo44
100%
Danergy
100%
Debitor
100%
Eiti
100%
Embekay
100%
Ente
100%
Gamingguidesde
100%
GommeHD
100%
Icrimax
100%
IsyCheesy
100%
LukeUCraft
100%
notGambo
100%
ojichristos
100%
Platin
100%
Russik
100%
Ryan Cole
100%
Ryney
100%
Standart Skill
100%
Syou
100%
Yami
100%
Blackcheck
0%
Kiyanes
0%
Keine übereinstimmenden Quizze gefunden
Verteilung der Resultate
Anzahl Personen mit jedem Resultat
Perzentil nach korrekt beantworteten Fragen
Ihre Resultats-Entwicklung
Sie haben dieses Quiz noch nicht gespielt